00350pab a2200109 454500008004000000100002300040245008500063260000900148300000900157650003500166773003900201180718b1989 xxu||||| |||| 00| 0 eng d aChitharanjan, K.V. aRegional variations in urbanisation, industrialisation and wage rates in Gujarat c1989 a63-8 aUrbanisation - India - Gujarat aIndian Journal of Regional Science